000 00400nam a2200145Ia 4500
008 151213s9999 xx 000 0 und d
100 _aAbu Taher Mojumder
245 _aThree Essays On Sir William Jones
_cAbu Taher Mojumder
260 _aDhaka
_bAcademic Publisher \
_c1993
300 _a8490 p.
650 _aEnglish
650 _aEnglish Literature
700 _aAbu Taher Mojumder
999 _c4327
_d4327